000 00581nam a2200181Ia 4500
008 151018s9999 xx 000 0 und d
082 _bRBASDV63743
_a891.464
100 _aवसंत बळवंत आगाशे
245 _aस्मरणसाखळी
250 _b184
260 _bभारद्वाज
_c2011
300 _a184
600 _aवसंत बळवंत आगाशे
630 _aस्मरणसाखळी
700 _aवसंत बळवंत आगाशे
730 _aस्मरणसाखळी
942 _cBOOK
999 _c1056084
_d1056081